Teledetección aplicada a la elaboración de mapas de peligrosidad de granizo en tiempo real y mapas de daños en cultivos e infraestructuras
Saved in:
| Main Authors: | , , , |
|---|---|
| Format: | Bog |
| Sprog: | spansk |
| Udgivet: |
Madrid
Fundación Mapfre
2015
|
| Udgivelse: | 1a. ed |
| Serier: | Cuadernos de la Fundación, C-206
|
| Fag: | |
| Tags: |
Tilføj Tag
Ingen Tags, Vær først til at tagge denne postø!
|
MARC
| LEADER | 00000cam a2200000 a 4500 | ||
|---|---|---|---|
| 001 | UCE8597 | ||
| 003 | CL-VaPUC | ||
| 008 | 150820e20150000sp |||||||||||||||||spa|d | ||
| 020 | |a 9788498445305 | ||
| 082 | 0 | 4 | |a 551.65946 |b LOP |2 21 |
| 100 | |a López Campano, Laura |e autora |9 581312 | ||
| 700 | 0 | |a Merino Suances, Andrés |e author |9 581313 | |
| 700 | |a Sánchez Gómez, José Luis |e author |9 581314 | ||
| 700 | 0 | |a García-Ortega, Eduardo |e author |9 581315 | |
| 245 | 1 | 0 | |a Teledetección aplicada a la elaboración de mapas de peligrosidad de granizo en tiempo real y mapas de daños en cultivos e infraestructuras |
| 250 | |a 1a. ed | ||
| 300 | |a 44 p | ||
| 942 | |c BK | ||
| 945 | |d 20150820 22:36:00 |a dcastane | ||
| 260 | |a Madrid |b Fundación Mapfre |c 2015 | ||
| 650 | 0 | |a Climatología |9 262302 | |
| 650 | 0 | |a Climatología agrícola |9 264594 | |
| 650 | 0 | |a Mapas |9 260844 | |
| 650 | 7 | |a TELEDETECCION SATELITAL |2 CL-VaPUC |9 568648 | |
| 583 | |a last modification |c 20150820 22:36:00 |k Rodrigo Vera | ||
| 490 | 0 | |a Cuadernos de la Fundación, C-206 | |
| 999 | |c 360399 |d 360397 | ||
| 952 | |0 0 |1 0 |3 erb |4 0 |6 551_659460000000000_LOP_2015 |7 0 |8 A |9 470193 |a BIBING |b BIBING |i 519444K |o 551.65946 LOP 2015 |p 519444K |r 2025-01-20 |w 2019-11-23 |y BK |z Catalogado en:20150820 |k GEO | ||